Dzielnica Poznania czy Warszawy? - klikanie - Statystyki

Ogólne statystyki
  • Ten quiz został rozwiązany 47 razy
  • Średni wynik to 22 z 24
Statystyki odpowiedzi
Hint Odpowiedź % Poprawnych
Wilda Poznań
95%
Mokotów Warszawa
95%
Piątkowo Poznań
93%
Jeżyce Poznań
93%
Junikowo Poznań
93%
Ursynów Warszawa
93%
Żoliborz Warszawa
93%
Wilanów Warszawa
93%
Rataje Poznań
90%
Św. Łazarz Poznań
90%
Grunwald Południe Poznań
90%
Żegrze Poznań
90%
Sołacz Poznań
90%
Wawer Warszawa
90%
Ochota Warszawa
90%
Białołęka Warszawa
90%
Targówek Warszawa
90%
Rembertów Warszawa
90%
Chartowo Poznań
88%
Winiary Poznań
88%
Śródmieście Warszawa
88%
Bemowo Warszawa
88%
Wesoła Warszawa
83%
Stare Miasto Poznań
71%
Nie znaleziono quizów pasujących do podanych kryteriów
Rozkład punktacji
Procent ludzi z każdym wynikiem
Percentyl według liczby udzielonych odpowiedzi
Twoja historia wyników
Nie rozwiązałeś tego quizu